[Event "Saarland-ch A"]
[Site "Saarlouis Steinrausch"]
[Date "2005.03.26"]
[Round "9"]
[White "Rech, Hermann"]
[Black "Weidinger, Dietmar"]
[Result "1-0"]
[WhiteElo "1757"]
[BlackElo "1790"]
[PlyCount "71"]
[EventDate "2005.03.18"]
[EventType "swiss"]
[EventRounds "9"]
[EventCountry "GER"]
[SourceTitle "EXT 2012"]
[Source "ChessBase"]
[SourceDate "2011.11.24"]
[SourceVersion "1"]
[SourceVersionDate "2011.11.24"]
[SourceQuality "1"]

1. e4 c6 2. d4 d5 3. f3 e6 4. c3 dxe4 5. Bf4 exf3 6. Nxf3 Qb6 7. Qc2 c5 8. Nbd2 Nc6 9. Nc4 Qd8 10. 0-0-0 cxd4 11. Nxd4 Qf6 12. Qe4 Bd7 13. Be5 Qg5+ 14. Kb1 Nf6 15. Bxf6 Qxf6 16. Nb5 Rb8 17. Ncd6+ Bxd6 18. Nxd6+ Ke7 19. Qe3 Qe5 20. Qf3 f6 21. Bc4 Rhd8 22. Rhe1 Qg5 23. h4 Qc5 24. Qg3 g6 25. Qf4 g5 26. hxg5 Qxg5 27. Qh2 h6 28. Ne4 Qg6 29. Qd6+ Kf7 30. Ka1 Ne5 31. Bb3 b6 32. Nxf6 Kxf6 33. Qxe5+ Kf7 34. Rf1+ Kg8 35. Rxd7 Re8 36. Rf3 1-0